ARRUPE JESUIT UNIVERSITY

CORONAVIRUS -STOP THE SPREAD - CLEAN,DISINFECT,COVER

South Africa : (Record no. 125909)

MARC details
000 -LEADER
fixed length control field 01338pam a2200325 a 4500
001 - CONTROL NUMBER
control field 4818236
003 - CONTROL NUMBER IDENTIFIER
control field ARRUPE
005 - DATE AND TIME OF LATEST TRANSACTION
control field 20170104093321.0
008 - FIXED-LENGTH DATA ELEMENTS--GENERAL INFORMATION
fixed length control field 891012s1989 sz af 000 0 eng
010 ## - LIBRARY OF CONGRESS CONTROL NUMBER
LC control number 89028952
020 ## - INTERNATIONAL STANDARD BOOK NUMBER
International Standard Book Number 0862329108
020 ## - INTERNATIONAL STANDARD BOOK NUMBER
International Standard Book Number 0862329116 (pbk.)
040 ## - CATALOGING SOURCE
Original cataloging agency DLC
Transcribing agency DLC
Modifying agency DLC
043 ## - GEOGRAPHIC AREA CODE
Geographic area code f-sa---
050 00 - LIBRARY OF CONGRESS CALL NUMBER
Classification number HF1613.4
Item number .W66 1989
082 00 - DEWEY DECIMAL CLASSIFICATION NUMBER
Classification number 337.68
Edition number 20
300 ## - PHYSICAL DESCRIPTION
Other physical details ill. ;
Dimensions 20 cm.
110 2# - MAIN ENTRY--CORPORATE NAME
Corporate name or jurisdiction name as entry element World Council of Churches.
Subordinate unit Eminent Church Persons Group.
9 (RLIN) 28163
245 10 - TITLE STATEMENT
Title South Africa :
Remainder of title the sanctions mission : report of the Eminent Church Persons Group /
Statement of responsibility, etc prepared by James Mutambirwa.
260 ## - PUBLICATION, DISTRIBUTION, ETC. (IMPRINT)
Place of publication, distribution, etc Geneva :
Name of publisher, distributor, etc World Council of Churches ;
Place of publication, distribution, etc London ;
-- Atlantic Highlands, N.J. :
Name of publisher, distributor, etc Zed Books,
Date of publication, distribution, etc 1989.
300 ## - PHYSICAL DESCRIPTION
Extent xii, 135 p., [4] p. of plates :
610 20 - SUBJECT ADDED ENTRY--CORPORATE NAME
Corporate name or jurisdiction name as entry element World Council of Churches.
Subordinate unit Eminent Church Person Group
General subdivision Political activity.
9 (RLIN) 28164
650 #0 - SUBJECT ADDED ENTRY--TOPICAL TERM
Topical term or geographic name as entry element Economic sanctions
Geographic subdivision South Africa.
9 (RLIN) 28165
650 #0 - SUBJECT ADDED ENTRY--TOPICAL TERM
Topical term or geographic name as entry element Anti-apartheid movements.
9 (RLIN) 28166
651 #0 - SUBJECT ADDED ENTRY--GEOGRAPHIC NAME
Geographic name South Africa
General subdivision Race relations.
9 (RLIN) 28167
651 #0 - SUBJECT ADDED ENTRY--GEOGRAPHIC NAME
Geographic name South Africa
General subdivision Foreign economic relations.
9 (RLIN) 28168
700 1# - ADDED ENTRY--PERSONAL NAME
Personal name Mutambirwa, James A. Chamunorwa,
Dates associated with a name 1938-
9 (RLIN) 28169
906 ## - LOCAL DATA ELEMENT F, LDF (RLIN)
a 7
b cbc
c orignew
d 1
e ocip
f 19
g y-gencatlg
942 ## - ADDED ENTRY ELEMENTS (KOHA)
Source of classification or shelving scheme Library of Congress Classification
Koha item type Monograph ( Printed materials)
Holdings
Withdrawn status Lost status Source of classification or shelving scheme Damaged status Not for loan Collection code Home library Current library Shelving location Date acquired Total Checkouts Full call number Barcode Date last seen Price effective from Koha item type
    Library of Congress Classification     Main Collection ARRUPE LIBRARY ARRUPE LIBRARY Main Collection 04/01/2017   BR115.P7 M992 46500021117 04/01/2017 04/01/2017 Monograph ( Printed materials)

 

Arrupe Library. PO Box MP320 Mt Pleasant, Harare, Zimbabwe
263 242 745411|librarian@aju.ac.zw